00560nam a2200193Ia 450000500170000000800410001702000150005808200130007310000130008624500540009926000490015330000120020265000130021465000120022765000110023994200060025095200950025699900150035120240725021139.0240331s9999 xx 000 0 und d a9559102532 bNESa155 aNesiah,V 0aDebates in the Feminist Movement cVasuki, Nesiah aColombobSocial Scientists Associationc1996 a18 p ., aFeminism aHistory aSocial cL 001040708LaWERCLbWERCLcSSCd2024-03-31l0o 155 NESp6763r2024-03-31w2024-03-31yL c5774d5774